[Event "Guernsey Holiday op 40th"]
[Site "Guernsey"]
[Date "2014.10.23"]
[Round "5"]
[White "Kirk, Matthew"]
[Black "Gstalter, Herbert"]
[Result "1/2-1/2"]
[WhiteElo "1726"]
[BlackElo "1651"]
[PlyCount "45"]
[EventDate "2014.10.19"]
[EventType "swiss"]
[EventRounds "7"]
[EventCountry "GCI"]
[SourceTitle "EXT 2022"]
[Source "ChessBase"]
[SourceDate "2021.10.06"]
[SourceVersion "1"]
[SourceVersionDate "2021.10.06"]
[SourceQuality "1"]

1. d4 e6 2. c4 Nf6 3. Nf3 b6 4. a3 Bb7 5. Nc3 Ne4 6. Nxe4 Bxe4 7. e3 a5 8. Bd3 Bxd3 9. Qxd3 Be7 10. 0-0 0-0 11. e4 d6 12. Be3 a4 13. Rac1 c5 14. d5 e5 15. h3 Qd7 16. Nh2 f5 17. f4 exf4 18. Rxf4 Bf6 19. Rc2 fxe4 20. Qxe4 Re8 21. Qf3 Qe7 22. Bf2 Nd7 23. Ng4 1/2-1/2

[Event "Merano Gold Cup 32nd"]
[Site "Merano"]
[Date "2004.04.26"]
[Round "4"]
[White "Schweitzer, Paul"]
[Black "Gstalter, Herbert"]
[Result "1-0"]
[WhiteElo "1551"]
[BlackElo "1699"]
[PlyCount "71"]
[EventDate "2004.04.23"]
[EventType "swiss"]
[EventRounds "9"]
[EventCountry "ITA"]
[SourceTitle "EXT 2006"]
[Source "ChessBase"]
[SourceDate "2005.11.24"]
[SourceVersion "1"]
[SourceVersionDate "2005.11.24"]
[SourceQuality "1"]

1. Nf3 Nf6 2. b3 d6 3. Bb2 e5 4. d3 Be7 5. Nbd2 0-0 6. e4 Nc6 7. Be2 Ne8 8. c3 f5 9. exf5 Bxf5 10. Ne4 Nf6 11. Qc2 Nxe4 12. dxe4 Be6 13. 0-0-0 a5 14. Kb1 Qe8 15. Bb5 Qf7 16. Rd5 Bxd5 17. exd5 Na7 18. Bd3 Qh5 19. Be4 Rf7 20. Bc1 Raf8 21. Be3 Nc8 22. h3 g5 23. g4 Qh6 24. Bf5 Qg7 25. c4 e4 26. Qxe4 Bf6 27. h4 Ne7 28. Be6 Ng6 29. hxg5 Be5 30. Rh6 Kh8 31. Bf5 Rxf5 32. gxf5 Ba1 33. f6 Bxf6 34. gxf6 Rxf6 35. Nh4 Nf4 36. Rxf6 1-0

[Event "Merano Gold Cup 32nd"]
[Site "Merano"]
[Date "2004.04.23"]
[Round "1"]
[White "Gstalter, Herbert"]
[Black "Bigott, Martin"]
[Result "0-1"]
[WhiteElo "1699"]
[BlackElo "2111"]
[PlyCount "112"]
[EventDate "2004.04.23"]
[EventType "swiss"]
[EventRounds "9"]
[EventCountry "ITA"]
[SourceTitle "EXT 2006"]
[Source "ChessBase"]
[SourceDate "2005.11.24"]
[SourceVersion "1"]
[SourceVersionDate "2005.11.24"]
[SourceQuality "1"]

1. Nf3 Nf6 2. c4 e6 3. d4 d5 4. cxd5 exd5 5. Qc2 Be7 6. Nc3 Nc6 7. a3 Bg4 8. e3 a6 9. b4 0-0 10. Be2 Qd7 11. 0-0 Bf5 12. Bd3 Bxd3 13. Qxd3 Bd6 14. b5 Na5 15. Ne5 Qe7 16. f4 Nb3 17. Ra2 Nxc1 18. Rxc1 axb5 19. Nxb5 c6 20. Nxd6 Qxd6 21. Qb3 Rfb8 22. a4 Ne4 23. Nd3 Qe7 24. Nc5 Nd6 25. Qd3 Re8 26. Rc3 Nb5 27. Rcc2 Nd6 28. Rc3 Qh4 29. g3 Qg4 30. Rb2 Nc4 31. Qe2 Qxe2 32. Rxe2 b6 33. Nd7 Rxa4 34. Ne5 Nxe5 35. fxe5 Rc4 36. Rxc4 dxc4 37. Rc2 b5 38. Kf2 f6 39. exf6 Rf8 40. Kf3 Rxf6+ 41. Ke4 Re6+ 42. Kf4 g5+ 43. Kf3 Kg7 44. e4 Rf6+ 45. Ke3 g4 46. e5 Rf3+ 47. Ke4 Kf7 48. d5 cxd5+ 49. Kxd5 Ke7 50. Ra2 Rd3+ 51. Ke4 Rd7 52. Ra6 Rc7 53. Rh6 Ke8 54. Re6+ Kd8 55. Rd6+ Kc8 56. e6 c3 0-1